Groups of things, history (pretty tough) - Statistics

General Stats
  • This quiz has been taken 375 times
  • The average score is 11 of 25
Answer Stats
Hint Answers % Correct
Female UK prime ministers Margaret Thatcher
93%
First 4 'great Kahn's' of the Mongol empire Genghis Kahn
88%
Theresa May
74%
Mongol Empire
73%
Punic Wars main belligerents Rome
70%
Pride and prejudice
65%
Russian Empire
64%
Carthage
63%
Qing Dynasty
46%
Hadrian
44%
Emma
43%
Jane Austen novels (published during her life) Sense and sensibility
43%
Marcus Aurelius
41%
Zachary Taylor
37%
John Tyler
35%
Trajan
34%
Whig party US presidents William Henry Harrison
32%
4 Largest land empires British Empire
30%
Millard Fillmore
28%
Mansfield Park
17%
The 5 'good emperors' of Rome (according to Gibbon) Nerva
17%
Antoninus Pius
15%
Möngke Kahn
7%
Ogedai Kahn
3%
Güyük Kahn
1%
No matching quizzes found
Score Distribution
Percent of People with Each Score
Percentile by Number Answered
Your Score History
You have not taken this quiz